[Event "Paris Apsap op 73rd"]
[Site "Paris"]
[Date "2004.08.05"]
[Round "6"]
[White "Fayolle, Guy"]
[Black "Pequignot, Guy"]
[Result "0-1"]
[WhiteElo "1960"]
[BlackElo "1720"]
[PlyCount "54"]
[EventDate "2004.08.??"]
[EventType "swiss"]
[EventRounds "9"]
[EventCountry "FRA"]
[SourceTitle "EXT 2006"]
[Source "ChessBase"]
[SourceDate "2005.11.24"]
[SourceVersion "1"]
[SourceVersionDate "2005.11.24"]
[SourceQuality "1"]

1. e4 c5 2. Nf3 d6 3. d4 cxd4 4. Nxd4 Nf6 5. Nc3 g6 6. Be3 Bg7 7. f3 0-0 8. Qd2 Nc6 9. 0-0-0 Nxd4 10. Bxd4 Be6 11. g4 Qa5 12. Kb1 Rfc8 13. Bxf6 Rxc3 14. Qxc3 Qxa2+ 15. Kc1 Bxf6 16. Qe3 Qxb2+ 17. Kd2 Qb4+ 18. Ke2 Rc8 19. Rd2 Rc3 20. Qxa7 Bh4 21. Qa8+ Kg7 22. Qa1 Bf6 23. Qd1 Qc5 24. Qb1 Qe3+ 25. Kd1 Bg5 26. Re2 Qd4+ 27. Ke1 Bh4+ 0-1